000 00544nam a2200169Ia 4500
003 GCL
008 140319s9999 xx 000 0 ara d
040 _aGCL /
_cGCL
082 0 4 _a953.0721
_bس د
100 1 _aسعدون عباس نصرالله
245 1 0 _aدولة الادارسة فى المغرب العصر الذهبى (172 - 223هـ\788 - 835م) /
_cسعدون عباس نصرالله
300 _a208 ص
490 _a100 قصة
_v0
650 0 4 _aالتاريخ الاسلامى
650 0 4 _aالادارسة
942 _2ddc
_cBK
999 _c45666
_d45666